Statistics for Countries With The Most 1M+ Cities

Click here to take the quiz!

General Stats

  • This quiz has been taken 79 times
  • The average score is 24 of 28

Answer Stats

# of CitiesAnswer% Correct
121China
100%
10United Kingdom
100%
54United States
100%
6France
99%
5Italy
99%
13Japan
99%
21Brazil
97%
11Germany
97%
56India
97%
16Russia
97%
16Mexico
96%
5Spain
96%
5Argentina
91%
5Australia
91%
17Indonesia
91%
15Nigeria
91%
6Canada
90%
11Turkey
90%
7South Korea
87%
6Colombia
85%
8Iran
85%
9Pakistan
85%
5Saudi Arabia
69%
5D.R. Congo
68%
5Venezuela
68%
5Iraq
66%
5Ukraine
65%
6Morocco
41%

Score Distribution

Percentile by Number Answered

Percent of People with Each Score

Your Score History

You have not taken this quiz